000 01394nam a2200361Ia 4500
001 Z_6570
003 CHAP
005 20230907181954.0
008 220113s2013 xx 000 0 und d
010 _a169841
040 _cCHAP
090 _aTesis A55 2311
100 _aAnimas Lázaro, Harriet
_9125907
245 _aCaracterización dinámica de brechas tecnológicas en la finalización de de ganado bovino en Tepetlaoxtoc, Edo. de México /
_cHarriet Animas Lázaro y Nínive Tejeda Hernández
260 _aMéxico :
_bEl autor,
_c2013
300 _a67 p.
502 _aTesis (Ingeniero Agrónomo Especialista en Zootecnia) -- UACh, 2013 \ Dirección: Hermilo Suárez Domínguez; asesoría: Fernando Copado Bueno y Myriam Sagarnaga Villegas
650 _aBovino productor de carne en confinamiento
_9145212
650 _aBrecha tecnológica
_9145213
650 _aGanado bovino
_9138033
650 _aRegistros
_9145214
650 _aUnidad de producción
_9145215
700 _a Copado Bueno, Fernando, asesor
_9144369
700 _a Sagarnaga Villegas, Myriam, asesor
_9145216
700 _a Suárez Dominguez, Hermilo, director
700 _aTejeda Hernández, Nínive, coaut.
_9145217
856 4 2 _uhttp://10.13.5.2/tesis/sist108863.pdf
_yDescargar PDF
901 _aTESIS A55 2311
902 _aM
910 _a2013
942 _c2
_2ddc
942 _c2
_2ddc
999 _c169841
_d169841